000 00514nam a22001817a 4500
005 20140422153648.0
010 _aENG-109326
020 _a9789350450482
_c200.00
035 _aEN-92859
037 _bDBAD/PUB
082 _a882
100 _aShivani Tibrewala
245 _aThe laboratory and other plays /
_cby Shivani Tibrewala
260 _aKolkata
_bWriters Workshop
_c2012
270 _a162/92 Lake Gardens
_bKolkata
_e700045
300 _a96p.
_c22cm(Hb)
942 _2ddc
_cEN
_mSHI
_h882
999 _c82573
_d82573